00299nam a2200121Ia 4500008004000000020001600040082001500056100001200071245003200083260003100115300001300146650001800159210210b1969 xxu||||| |||| 00| 0 eng d a340 05908 7 a652.3 PITT aPITMAN. aTeach yourself typewriting. aLondon.bE L B S,c1969 aviii,226 aTypewriting